banner koha

Gas exchanges and photosynthetic pigments of ‘Tommy Atkins’ mango as a function of fenpropimorph (Registro n. 337586)

MARC details
000 -LÍDER
fixed length control field 04436nab a2200337 i 4500
003 - CÓDIGO MARC DA AGÊNCIA CATALOGADORA
Campo de controle BR-BrBNA
005 - DATA E HORA DA ÚLTIMA ATUALIZAÇÃO
Campo de controle 20250812182132.0
008 - CAMPO DE TAMANHO FIXO
fixed length control field 250812b2022 bl.mr|pooa||| 00| 0 eng |
040 ## - FONTE DA CATALOGAÇÃO
Agência catalogadora BR-BrBNA
Idioma da catalogação eng
072 ## - CATEGORIA AGRIS
Código AGRIS F01
Código do objeto 1120
072 ## - CATEGORIA AGRIS
Código AGRIS F60
100 ## - ENTRADA PRINCIPAL - NOME PESSOAL
Nome pessoal Carreiro, Daniel de A.
100 ## - ENTRADA PRINCIPAL - NOME PESSOAL
Nome pessoal Amariz, Renata A. e
100 ## - ENTRADA PRINCIPAL - NOME PESSOAL
Nome pessoal Sanches, Luciana G.
100 ## - ENTRADA PRINCIPAL - NOME PESSOAL
Nome pessoal Lobo, Jackson T.
100 ## - ENTRADA PRINCIPAL - NOME PESSOAL
Nome pessoal Paiva Neto, Vespasiano B. de
100 ## - ENTRADA PRINCIPAL - NOME PESSOAL
Nome pessoal Cavalcante, Ítalo H. L.
245 ## - TÍTULO PRINCIPAL
Título principal Gas exchanges and photosynthetic pigments of ‘Tommy Atkins’ mango as a function of fenpropimorph
500 ## - NOTA GERAL
Nota geral Publicação on-line; 25 ref.; 6 illus; 3 tables; Sumaries (En, Pt)
942 ## - ADDED ENTRY ELEMENTS (KOHA)
Koha item type Analítica
520 ## - NOTA DE RESUMO
Nota de conteúdo <br/><br/>ABSTRACT: The objective of the present study was to evaluate the influence of the application of fenpropimorph and paclobutrazol on gas exchanges and photosynthetic pigments of ‘Tommy Atkins’ mango grown in the semi-arid region in different evaluation periods. Two experiments were carried out in ‘Tommy Atkins’ mango orchards in the first production cycle between September and December 2018 (first experiment) and between September and December 2019 (second experiment) in Petrolina, PE, Brazil. The experimental design adopted was randomized blocks in split plots in time, 4 × 4 + 1, with four replicates. The plots corresponded to the concentrations of fenpropimorph: 0, 0.7, 1.0, and 1.3 g per linear meter of plant canopy diameter plus the additional paclobutrazol treatment (1 g per linear meter of plant canopy diameter), and the subplots corresponded to the evaluation dates (0, 30, 60, and 90 days after the first application of treatments). The following traits were evaluated: CO2 assimilation rate, stomatal conductance, internal CO2 concentration, transpiration, water use efficiency, chlorophyll a, chlorophyll b, total chlorophyll, and carotenoids. The fenpropimorph dose of 1.3 g per linear meter of plant canopy promotes a higher rate of CO2 assimilation; however, paclobutrazol was more effective in the accumulation of chlorophyll a and total chlorophyll, and the use of fenpropimorph did not interfere in the concentration of photosynthetic pigments.<br/><br/>Key words: Mangifera indica L., growth regulator, plant physiology
520 ## - NOTA DE RESUMO
Nota de conteúdo <br/><br/>RESUMO: O objetivo do presente estudo foi avaliar a influência da aplicação de fenpropimorfe e paclobutrazol nas trocas gasosas e pigmentos fotossintéticos de mangueira ‘Tommy Atkins’ cultivada no semiárido em diferentes períodos de avaliação. Foram realizados dois experimentos em pomares de mangueira ‘Tommy Atkins’ no primeiro ciclo produtivo entre setembro e dezembro de 2018 (primeiro experimento) e entre setembro e dezembro de 2019 (segundo experimento) em Petrolina, PE, Brasil. O delineamento experimental adotado foi o de blocos casualizados em parcelas subdivididas no tempo, 4 × 4 + 1, com quatro repetições. As parcelas corresponderam às concentrações de fenpropimorfe: 0; 0,7; 1,0 e 1,3 g por metro linear de diâmetro da copa mais o tratamento adicional paclobutrazol (1 g por metro linear de diâmetro da copa), e as subparcelas corresponderam às datas de avaliação (0, 30, 60 e 90 dias após a primeira aplicação dos tratamentos). As seguintes características foram avaliadas: taxa de assimilação de CO2 , condutância estomática, concentração interna de CO2 , transpiração, eficiência do uso da água, clorofila a, clorofila b, clorofila total e carotenoides. Basicamente, a dose de 1,3 g de fenpropimorfe por metro linear do dossel da planta promove uma maior taxa de assimilação de CO2 ; porém, o paclobutrazol foi mais eficaz no acúmulo de clorofila a e clorofila total, e o uso de fenpropimorfe não interferiu na concentração dos pigmentos fotossintéticos.<br/><br/>Palavras-chave: Mangifera indica L., regulador de crescimento, fisiologia vegetal
650 ## - ASSUNTO - THESAGRO
Cabeçalho tópico ou nome geográfico MANGA
650 ## - ASSUNTO - THESAGRO
Cabeçalho tópico ou nome geográfico REGULADOR DE CRESCIMENTO
650 ## - ASSUNTO - THESAGRO
Cabeçalho tópico ou nome geográfico TROCA GASOSA
650 ## - ASSUNTO - THESAGRO
Cabeçalho tópico ou nome geográfico FISIOLOGIA VEGETAL
650 ## - ASSUNTO - THESAGRO
Cabeçalho tópico ou nome geográfico CLOROFILA
773 0# - ENTRADA ANALÍTICA
Host Biblionumber 3534
Registro do item 317820
Imprenta Campina Grande-PB Universidade Federal de Campina Grande. Centro de Ciências e Tecnologia 1997
Outro identificador 2024-4539
Título Revista Brasileira de Engenharia Agrícola e Ambiental (Brazil)
ISSN 1415-4366
Colação v. 26 (4) p. 239-247; (2022)
Número de controle de registro BR2025003392
856 ## - ACESSO E ENDEREÇO ELETRÔNICO
Identificador uniforme de recurso - URI https://www.scielo.br/j/rbeaa/a/DRSTgF3cyxzqy5mVKrXrWHC/?format=pdf&lang=en

Nenhum exemplar disponível.

BINAGRI

Telefone: (61)3218-2567/2388/3357/2097 - binagri@agro.gov.br

Ministério da Agricultura e Pecuária , Esplanada dos Ministérios, Bloco D, Anexo B, Brasília/DF, CEP: 70.043-900